00488nam a2200169 a 450000100060000000300090000600800410001502000180005604000280007408200100010210000220011224500630013426000470019730000090024465000410025365000240029423853CO-ViMGA141112s2004 ck r 000 u spa d a9789507716355 aCO-ViMGAbspacCO-ViMGA04aVACf11 aVaccarini, Franco10aEl fascinante mundo de las hechiceras / cFranco Vaccarini aArgentina : bcultural librera Américana a64p.14a2 : HECHICEROS - CUENTOS INFANTILES 14aCUENTOS INFANTILES